| 000 | 00407nam a2200157 a 4500 | ||
|---|---|---|---|
| 001 | 1985 | ||
| 005 | 20140414131916.0 | ||
| 008 | 040110s19uu xx 00 eng d | ||
| 020 | _a2-89429-890-0 | ||
| 050 |
_aER _bL72 1996 |
||
| 245 |
_aLittle tin soldier (The) / _cIllustration by Zapp. |
||
| 260 |
_aChina : _bTormont, _c1996. |
||
| 300 | _a29 p ; cm. | ||
| 650 | _aChildren stories. | ||
| 999 |
_c111471 _d111471 |
||